| 000 | 00763nam a2200253 i 4500 | ||
|---|---|---|---|
| 001 | 172650 | ||
| 003 | ES-MaACL | ||
| 005 | 20250819044028.0 | ||
| 007 | t| | ||
| 008 | 090807s1967 sp |||| | spa d | ||
| 080 | _a164 | ||
| 100 | 1 |
_aBlanché, Robert. _9141148 |
|
| 245 | 1 | 2 |
_aL'axiomatique / _cpar Robert Blanché. |
| 250 | _a4e éd. | ||
| 260 |
_aParis : _bPresses Universitaires de France, _c1967. |
||
| 300 |
_a102 p. ; _c18 cm. |
||
| 490 | 1 |
_aSUP. Initiation philosophique ; _v17 |
|
| 500 | _aÍndice. | ||
| 650 | 4 |
_aAxiomas. _9141149 |
|
| 650 | 0 | 4 |
_aCiencia- _xMetodología _910958 |
| 830 | 0 |
_aSUP. Initiation philosophique ; _v17 _9182090 |
|
| 852 |
_aES-MaACL _jE-12938 _z. - Biblioteca Jacinto Martínez Lacalle |
||
| 999 |
_c172650 _d172650 |
||